Boletín de las leyes y de las órdenes y decretos del gobierno: 1837
Tallennettuna:
| Aineistotyyppi: | Kirja |
|---|---|
| Kieli: | espanja |
| Julkaistu: |
Santiago
De la Independencia
1841
|
| Painos: | 2a. ed |
| Aiheet: | |
| Tagit: |
Lisää tagi
Ei tageja, Lisää ensimmäinen tagi!
|
MARC
| LEADER | 00000nam a2200000 a 4500 | ||
|---|---|---|---|
| 001 | UCR1611 | ||
| 003 | CL-VaPUC | ||
| 008 | 971219e18410000CL |||||||||||||||||spa|d | ||
| 082 | 0 | 4 | |a 348.022 |b BOL |2 21 |
| 245 | 1 | 0 | |a Boletín de las leyes y de las órdenes y decretos del gobierno: 1837 |
| 250 | |a 2a. ed | ||
| 300 | |a v | ||
| 942 | |c BK | ||
| 945 | |d 19971219 00:00:00 |a lriquelm | ||
| 260 | |a Santiago |b De la Independencia |c 1841 | ||
| 650 | 7 | |a DERECHO CHILENO SIGLO 19 |2 CL-VaPUC |9 398936 | |
| 650 | 0 | |a Fuentes del derecho |9 255162 | |
| 651 | 7 | |a CHILE |2 CL-VaPUC |9 398937 | |
| 583 | |a last modification |c 20160829 11:05:26 |k Rodrigo Vera | ||
| 999 | |c 265012 |d 265010 | ||
| 952 | |0 0 |1 0 |4 0 |6 348_022000000000000_BOL_1841 |7 0 |8 DER_HDC |9 295763 |a BIBDER |b BIBDER |d 2019-11-20 |h v.7 |i 1928333 |o 348.022 BOL 1841 |p 1928333 |r 2023-01-25 |w 2019-11-20 |x Ubicación 4to Piso |y BK_X |z Estos recursos deben solicitarse con anticipación |k DER | ||